Regionen: Systematik der Gebietseinheiten für die Statistik NUTS
Salvato in:
| Ente Autore: | |
|---|---|
| Natura: | Libro |
| Lingua: | multilingua |
| Pubblicazione: |
Luxembourg
Amt für amtliche Veröffentlichungen der Europäischen Gemeinschaften
1999
|
| Edizione: | 1999 ed. |
| Serie: | Methods and nomenclatures
|
| Soggetti: | |
| Tags: |
Nessun Tag, puoi essere il primo ad aggiungerne!!
|
MARC
| LEADER | 00000nam a2200000 4500 | ||
|---|---|---|---|
| 001 | c123743 | ||
| 005 | 20240111125515.8 | ||
| 020 | |a 92-828-7275-0 | ||
| 041 | 0 | |a mul | |
| 044 | |a LU | ||
| 245 | 1 | 0 | |a Regionen: Systematik der Gebietseinheiten für die Statistik NUTS |
| 250 | |a 1999 ed. | ||
| 264 | 1 | |a Luxembourg |b Amt für amtliche Veröffentlichungen der Europäischen Gemeinschaften |c 1999 | |
| 300 | |a 132 s. | ||
| 490 | 1 | |a Methods and nomenclatures | |
| 830 | 0 | |a Methods and nomenclatures | |
| 610 | 2 | 0 | |a Európska únia |
| 610 | 2 | 0 | |a Európske spoločenstvá |
| 610 | 2 | 0 | |a údaje štatistické |
| 610 | 2 | 0 | |a údaje štatistické medzinárodné |
| 610 | 2 | 0 | |a 1999 |
| 710 | 2 | |a Eurostat | |